Bandeira regiões da Malásia - Statistics

Estatísticas Gerais
  • Esse quiz foi jogado 32 vezes
  • A pontuação média é 13 de 16
Estatísticas das Respostas
Imagem Resposta % Correto
Johor
100%
Kedah
100%
Kelantan
100%
Malacca
100%
Negeri sembilan
100%
Pahang
100%
Penang
100%
Kuala lumpur
75%
Perak
75%
Perlis
75%
Putrajaya
75%
Sabah
75%
Sarawak
75%
Selangor
75%
Labuan
50%
Terengganu
50%
Nenhum quiz correspondente encontrado
Distribuição das Pontuações
Porcentagem de Pessoas com Cada Pontuação
Percentil de Números Respondidos
Sua Pontuação Histórica
Você não jogou esse quiz